Stri vimarsh (Record no. 77629)
[ view plain ]
| 000 -LEADER | |
|---|---|
| fixed length control field | 00460 a2200169 4500 |
| 005 - DATE AND TIME OF LATEST TRANSACTION | |
| control field | 20150817150716.0 |
| 008 - FIXED-LENGTH DATA ELEMENTS--GENERAL INFORMATION | |
| fixed length control field | 141113b xxu||||| |||| 00| 0 eng d |
| 020 ## - INTERNATIONAL STANDARD BOOK NUMBER | |
| International Standard Book Number | 9789350002889 |
| 080 ## - UNIVERSAL DECIMAL CLASSIFICATION NUMBER | |
| Universal Decimal Classification number | 305-055.2=H |
| Item number | MAL |
| 100 ## - MAIN ENTRY--PERSONAL NAME | |
| Personal name | Malathy, K. M |
| 245 ## - TITLE STATEMENT | |
| Title | Stri vimarsh |
| Remainder of title | Bhartiya pariprekshya |
| 260 ## - PUBLICATION, DISTRIBUTION, ETC. (IMPRINT) | |
| Name of publisher, distributor, etc | Vaani Prakashan |
| Date of publication, distribution, etc | 2012 |
| Place of publication, distribution, etc | New Delhi |
| 300 ## - PHYSICAL DESCRIPTION | |
| Extent | 163p. |
| 653 ## - INDEX TERM--UNCONTROLLED | |
| Uncontrolled term | Hindi literature - Criticism |
| 653 ## - INDEX TERM--UNCONTROLLED | |
| Uncontrolled term | Feminism - Women's studies |
| 942 ## - ADDED ENTRY ELEMENTS (KOHA) | |
| item type | Books |
| Lost status | Source of classification or shelving scheme | Not for loan | Home library | Current library | Date acquired | Cost, normal purchase price | Total Checkouts | Full call number | Barcode | Date last seen | Date checked out | Cost, replacement price | Price effective from | Koha item type |
|---|---|---|---|---|---|---|---|---|---|---|---|---|---|---|
| Universal Decimal Classification | University Library | University Library | 11/03/2013 | 0.00 | 5 | 305-055.2=H MAL | 00069861 | 21/10/2016 | 01/09/2016 | 0.00 | 11/03/2013 | Books | ||
| Universal Decimal Classification | University Library | University Library | 17/08/2015 | 4 | 305-055.2=H MAL;1 | 00073370 | 18/11/2025 | 03/11/2025 | 17/08/2015 | Books |
